Ciudades de España por imagenes - Estadísticas

Estadísticas generales
  • Esta prueba ha sido intentada 543 veces
  • La puntuación promedio es 11 de 15
Estadísticas de respuestas
Imagen Respuesta % Correcto
Madrid
99%
Barcelona
98%
Valencia
97%
Sevilla
96%
Segovia
94%
Bilbao
93%
Merida
83%
Toledo
80%
Zaragoza
80%
San Sebastian
67%
Pamplona
60%
Palma de Mallorca
58%
Valladolid
36%
Coruña
23%
Santa Cruz de Tenerife
21%
No se encontraron pruebas coincidentes
Distribución de puntuación
Porcentaje de gente con cada puntuación
Porcentaje por número respondido
Historial de tus puntuaciones
No has intentado esta prueba.